Insider Trading Law and Developments

Detalles Bibliográficos
Formato: eBook
Lenguaje:inglés
Publicado: Chicago: American Bar Association, 2017
Materias:
Acceso en línea:Acceso restringido

MARC

LEADER 00000nam a22000007a 4500
005 20210226214452.0
007 cr|||| ||||
008 210226s2017 us |||||s|||| 00||0 eng d
020 |a 978-1-63425-694-0 
035 |a 32418 
040 |a vLex 
090 |c 11299  |d 11299 
245 0 0 |a Insider Trading  |h [Recurso electrn̤ico] :  |b Law and Developments 
256 |a Servicio en ln̕ea 
260 |a Chicago:  |b American Bar Association,  |c 2017 
300 |a 1 recurso electrn̤ico 
506 1 |a Disponible solo en los productos indicados  |d vLex Global  |d vLex Global (Academic Edition, excluding Law Schools)  |d vLex Global (Academic Edition, Law Schools) 
650 0 4 |a Derecho Fiscal  |z Estados Unidos 
650 0 4 |a Derecho Mercantil y de la Empresa  |z Estados Unidos 
740 0 |a vLex Libros (Servicio en ln̕ea) 
856 4 0 |u http://vlex.com/source/insider-trading-law-developments-32418  |z Acceso restringido 
942 |c BOOK 
999 0 |a Tax Law 
999 0 |a Commercial and Company Law